00705nam a2200145Ia 4500008004100000020001800041050002000059100003700079245012300116260002900239300001800268500010000286505014900386650002400535120626s2007 mx 000 0 spa d a9789688608227 aHQ56 bM87 2007 aMurillo Gamboa, Margaritaeautor aCómo enseñar sexualidad b: Para aprender el lenguaje de la sexualidad y enseñarlo c/ Margarita, Murillo Gamboa aMéxico b: Paxc, 2007 a155 páginas aIncluye: Indice, Agradecimientos, Prefacio, Introducción, Epílogo, Anexos, Bibliografía  aConstruyendo el camino Conociendo la Teoría de la sexualidad Conversando en clase o en casa Las edades sexuales. Educando a cada edad  0aEDUCACIÓN SEXUAL